| 000 | 00418nam a2200157Ia 4500 | ||
|---|---|---|---|
| 008 | 160316s1994 xxu||||| |||| 00| 0 eng d | ||
| 082 |
_a346.059000 _bIYE |
||
| 100 | _aIyer N Suryanarayana | ||
| 245 | _aThe Indian trust act, 1882 | ||
| 250 | _a4th | ||
| 260 |
_aAllahabad _bThe Law Book Co. _c1994 |
||
| 300 |
_a808p _b _c |
||
| 365 | _bRs.425/- | ||
| 650 | _a1.Trust Laws -Taxation - Indian Trusts Act | ||
| 700 |
_a _a |
||
| 999 |
_c7788 _d7788 |
||